000 01574cam a2200325 4500
008 010724n2001 000 0 eng u
020 _a0117536113
035 _a(Sirsi) u113728
050 _a711.026
110 _aDepartment for Transport, Local Government and the Regions
_94091
245 _aPlanning policy guidance note 25: development and flood risk
260 _aLondon
_bStationery Office
_c2001
300 _a60p.
_c30 cm.
350 _a11.00
490 _aPPG
_v25
520 _aSets out how flood risk, precautionary measures and climate change should be considered at all stages of the planning and development process, and the importance attached to this by the Government. Explains the responsibilities of the various parties and the role played by the planning system in ensuring that new developments are not unnecessarily exposed to flooding. Also outlines the way in which flood risk issues should be addressed in regional planning guidance, development plans and planning applications. Replaces DoE Circular 30/92 (MAFF Circular FD1/92).
520 _aSuperseded by "Planning Policy Statement 25: development and flood risk" (ISBN 0117539740).
650 _aDEVELOPMENT PLANS
650 _aFLOOD RISK
650 _aFLOODS
650 _aFLOODING
650 _aPLANNING APPLICATIONS
650 _aPLANNING DECISIONS
650 _aPLANNING GUIDANCE
650 _aPLANNING SYSTEM
650 _aPPG25
650 _aREGIONAL PLANNING GUIDANCE
690 _aENVIRONMENTAL AND LAND CONSULTANCY-PLANNING AND DEVELOPMENT
942 _n0
999 _c101554
_d101554